Fertility 40 Years of Change /

Bibliographic Details
Main Author: McTeer, Maureen A.
Format: eBook
Language:English
Published: Toronto: Irwin Law Inc., 2022
Series:Irwin Books
Subjects:
Online Access:Acceso restringido

MARC

LEADER 00000nam a22000007a 4500
005 20220601200614.0
007 cr|||| |||
008 220601s2022 ca |||||s|||| 00||0 eng d
020 |a 9781552216385 
035 |a 36604 
040 |a vLex 
090 |c 13397  |d 13397 
100 1 |a McTeer, Maureen A. 
245 1 0 |a Fertility  |h [Recurso electrn̤ico] :  |b 40 Years of Change /  |c Maureen A. McTeer 
256 |a Servicio en ln̕ea 
260 |a Toronto:  |b Irwin Law Inc.,  |c 2022 
300 |a 1 recurso electrn̤ico 
490 0 |a Irwin Books 
500 |a In Fertility: 40 Years of Change, lawyer and author Maureen McTeer explores key medical, research, and legal developments in assisted human reproduction since the birth of the first IVF baby in 1978. With keen insight, she analyses how Canada has responded to the many legal and societal opportunities this foundational reproductive technology has created, such as new types of human relationships; the treatment of infertility; human embryo research; and the revolutionary possibilities for society raised by the combination of reproductive and genetic technologies, as we create, manipulate, and alter human life in the laboratory. 
650 0 4 |a Reproduccin̤ Asistida  |z Canad̀ 
740 0 |a vLex Libros (Servicio en ln̕ea) 
856 4 0 |u https://app.vlex.com/#/sources/36604  |z Acceso restringido 
942 |c BOOK 
999 0 |a Reproductive technology